Practical plant biochemistry / (Record no. 51181)

MARC details
000 -LEADER
fixed length control field 00536nam a2200205Ia 4500
005 - DATE AND TIME OF LATEST TRANSACTION
control field 20260429111848.0
008 - FIXED-LENGTH DATA ELEMENTS--GENERAL INFORMATION
fixed length control field 260429s9999||||xx |||||||||||||| ||und||
020 ## - INTERNATIONAL STANDARD BOOK NUMBER
International Standard Book Number 9789384502201
041 ## - LANGUAGE CODE
Language English
082 ## - DEWEY DECIMAL CLASSIFICATION NUMBER
Classification number 580
Item number ONS
100 ## - MAIN ENTRY--PERSONAL NAME
Personal name Onslow, Muriel Wheldale
245 #0 - TITLE STATEMENT
Title Practical plant biochemistry /
Statement of responsibility, etc Muriel Wheldale Onslow
250 ## - EDITION STATEMENT
Edition statement 1st ed.
260 ## - PUBLICATION, DISTRIBUTION, ETC. (IMPRINT)
Place of publication, distribution, etc New Delhi :
Name of publisher, distributor, etc Agri-Biovet Press,
Date of publication, distribution, etc 2016.
300 ## - PHYSICAL DESCRIPTION
Extent vii, 237 p.; hb
650 ## - SUBJECT ADDED ENTRY--TOPICAL TERM
Topical term or geographic name as entry element Biochemistry
650 ## - SUBJECT ADDED ENTRY--TOPICAL TERM
Topical term or geographic name as entry element Botany
650 ## - SUBJECT ADDED ENTRY--TOPICAL TERM
Topical term or geographic name as entry element Plants
942 ## - ADDED ENTRY ELEMENTS (KOHA)
Koha item type Text Books
Holdings
Withdrawn status Lost status Damaged status Not for loan Collection code Home library Location Shelving location Date of Cataloging Source of acquisition Total Checkouts Full call number Barcode Date last seen Price effective from Koha item type
        Non-fiction CUTN Central Library CUTN Central Library Sciences 29/04/2026 Prashant Book Agency, New Delhi - Invoice No. 536 on 09-02-2026   580 ONS 56036 29/04/2026 29/04/2026 Text Books